Statistics for Countries that ends with y

Click here to take the quiz!

General Stats

  • This quiz has been taken 90 times
  • The average score is 6 of 8

Answer Stats

Country% Correct
Italy
88%
Germany
87%
Paraguay
84%
Uruguay
83%
Hungary
79%
Turkey
74%
Norway
73%
Vatican city
48%

Score Distribution

Percentile by Number Answered

Percent of People with Each Score

Your Score History

You have not taken this quiz